| 000 | 01198nam a2200313Ia 4500 | ||
|---|---|---|---|
| 003 | GCL | ||
| 008 | 140319s9999 xx 000 0 ara d | ||
| 040 |
_aGCL / _cGCL |
||
| 082 | 0 | 4 |
_aد _b050 _bم س |
| 100 | 1 | _aمؤسسة الاهرام | |
| 245 | 1 | 0 |
_aالسياسة الدولية ( العدد162 ) / _cمؤسسة الاهرام |
| 250 | _aالاولى | ||
| 260 |
_aالقاهرة : _bمؤسسة الاهرام ، _c2005 |
||
| 300 |
_a266ص ؛ _c30 سم |
||
| 490 |
_aالسياسة الدولية _v162 |
||
| 650 | 0 | 4 | _aنزع السلاح |
| 650 | 0 | 4 | _aالامم المتحدة |
| 650 | 0 | 4 | _aموريتانيا |
| 650 | 0 | 4 | _aجنوب السودان |
| 650 | 0 | 4 | _aالصراع العربى الاسرائيلى |
| 650 | 0 | 4 | _aاللاجئين |
| 650 | 0 | 4 | _aالارهاب الدولى |
| 650 | 0 | 4 | _aايران - العلاقات الخارجية |
| 650 | 0 | 4 | _aالجزائر - تاريخ - العصرالحديث |
| 650 | 0 | 4 | _aالعراق - العلاقات الخارجية - سوريا |
| 650 | 0 | 4 | _aلندن - تاريخ - العصر الحديث |
| 650 | 0 | 4 | _aالعراق - تاريخ - العصر الحديث - الاحتلال الامريكي |
| 942 |
_2ddc _cBK |
||
| 999 |
_c7764 _d7764 |
||